|
|
|
|
| LEADER |
05180nam a22004453i 4500 |
| 001 |
EBC6812599 |
| 003 |
MiAaPQ |
| 005 |
20231204023220.0 |
| 006 |
m o d | |
| 007 |
cr cnu|||||||| |
| 008 |
231204s2021 xx o ||||0 eng d |
| 020 |
|
|
|a 9783030834036
|q (electronic bk.)
|
| 020 |
|
|
|z 9783030834029
|
| 035 |
|
|
|a (MiAaPQ)EBC6812599
|
| 035 |
|
|
|a (Au-PeEL)EBL6812599
|
| 035 |
|
|
|a (OCoLC)1321793770
|
| 040 |
|
|
|a MiAaPQ
|b eng
|e rda
|e pn
|c MiAaPQ
|d MiAaPQ
|
| 050 |
|
4 |
|a HV70-72
|
| 100 |
1 |
|
|a Windzio, Michael.
|
| 245 |
1 |
0 |
|a Networks and Geographies of Global Social Policy Diffusion :
|b Culture, Economy, and Colonial Legacies.
|
| 250 |
|
|
|a 1st ed.
|
| 264 |
|
1 |
|a Cham :
|b Springer International Publishing AG,
|c 2021.
|
| 264 |
|
4 |
|c ©2022.
|
| 300 |
|
|
|a 1 online resource (279 pages)
|
| 336 |
|
|
|a text
|b txt
|2 rdacontent
|
| 337 |
|
|
|a computer
|b c
|2 rdamedia
|
| 338 |
|
|
|a online resource
|b cr
|2 rdacarrier
|
| 490 |
1 |
|
|a Global Dynamics of Social Policy Series
|
| 505 |
0 |
|
|a Intro -- Acknowledgments -- About This Book -- Contents -- Contributors -- List of Figures -- List of Tables -- 1 Networks of Global Social Policy Diffusion: The Effects of Culture, Economy, Colonial Legacies, and Geographic Proximity -- Introduction -- The Network Diffusion Model in Event History Analysis -- The Methodology Used in This Volume -- Networks of Social Policy Diffusion -- Network of Geographic Distances -- Global Trade Networks -- The Network of "Cultural Spheres" -- Network of Colonial Legacies -- Correlations of Our Networks -- Structural Features and Interdependencies of Our Networks -- Overview of the Volume -- Literature -- 2 The Global Diffusion of Work-Injury Insurance: The Role of Spatial Networks and Nation Building -- Introduction -- Theoretical Framework: Nation-State Institution and Codification -- Data and Methods -- Results -- Discussion -- Conclusion -- Appendix -- Literature -- 3 Networks of Global Policy Diffusion: The Introduction of Compulsory Education -- Introduction -- Theory -- Data and Methods -- Results -- Conclusion -- Limitations -- Appendix -- Literature -- 4 The Global Diffusion of Adult Basic Education -- Introduction -- Adult Basic Education -- Theories of Policy Diffusion -- Constructivism -- Cultural Similarity -- Colonial Legacies -- Trade and Geography Network -- Methods -- Results -- Conclusion -- Appendix -- Literature -- 5 The Emergence of Healthcare Systems -- Introduction -- Theoretical Background: Factors Influencing the Introduction of Healthcare Systems -- Domestic Factors -- Interdependencies -- Modeling the Introduction of Healthcare Systems -- Domestic Factors -- Interdependencies -- Data Preparation -- Findings -- Conclusion -- Appendix -- Literature -- 6 Introduction of Long-Term Care Systems: The Nascent Diffusion of an Emergent Field of Social Policy -- Introduction.
|
| 505 |
8 |
|
|a Theory and Hypotheses -- International Interdependencies -- National Constellations -- Operationalization and Data -- Dependent Variable: Measuring the Introduction of LTC Systems -- Independent Variables -- Explaining the Introduction of LTC Systems -- Method -- Results -- Limitations -- Conclusion -- Appendix -- Literature -- 7 Origins of Family Policy: Prerequisites or Diffusion -- Introduction -- Family Policies: Historical Origins and Drivers -- Data and Methods -- Discussion and Conclusion -- Appendix -- Literature -- 8 From Geneva to the World? Global Network Diffusion of Antidiscrimination Legislation in Employment and Occupation: The ILO's C111 -- Introduction -- State of the Art: Transnational Antidiscrimination Law as a Tool to Provide Spaces and Vehicles to Challenge Domestic Labor Law's Exclusion? -- Theorizing Transnational Diffusion Processes of International Labor Standards -- Data and Methods -- Results -- Conclusion -- Appendix -- Literature -- 9 The Diffusion of Workplace Antidiscrimination Regulations for the LGBTQ+ Community -- Introduction -- Setting up a Timeline -- Theory -- Previous Research -- Data and Methods -- Results -- Conclusion & -- Discussion -- Limitations -- Appendix -- References -- 10 Critical Summary and Concluding Remarks -- Introduction -- The Diffusion of Social Policies Around the World -- The Influence of Networks on the Diffusion of Social Policies -- Critical Outlook -- Literature -- Index.
|
| 588 |
|
|
|a Description based on publisher supplied metadata and other sources.
|
| 590 |
|
|
|a Electronic reproduction. Ann Arbor, Michigan : ProQuest Ebook Central, 2023. Available via World Wide Web. Access may be limited to ProQuest Ebook Central affiliated libraries.
|
| 655 |
|
4 |
|a Electronic books.
|
| 700 |
1 |
|
|a Mossig, Ivo.
|
| 700 |
1 |
|
|a Besche-Truthe, Fabian.
|
| 700 |
1 |
|
|a Seitzer, Helen.
|
| 776 |
0 |
8 |
|i Print version:
|a Windzio, Michael
|t Networks and Geographies of Global Social Policy Diffusion
|d Cham : Springer International Publishing AG,c2021
|z 9783030834029
|
| 797 |
2 |
|
|a ProQuest (Firm)
|
| 830 |
|
0 |
|a Global Dynamics of Social Policy Series
|
| 856 |
4 |
0 |
|u https://ebookcentral.proquest.com/lib/matrademy/detail.action?docID=6812599
|z Click to View
|